| 000 | 00710nam a2200205 i 4500 | ||
|---|---|---|---|
| 001 | 47404 | ||
| 003 | ES-MaACL | ||
| 005 | 20241001114948.0 | ||
| 007 | t| | ||
| 008 | 030407q1950 sp ||||1| spa d | ||
| 100 | 1 |
_aCorchón García, Justo. _940485 |
|
| 245 | 1 | 0 |
_aEncuesta de geografía regional extremeña / _cpor J. Corchón García. |
| 260 |
_aCáceres : _b[s.n., _c1950?] ( _fImp. Diputación provincial) |
||
| 300 |
_a48 p. ; _c21 cm. |
||
| 500 | _aPrecede al tít.: Servicios culturales de la excma. Diputación Provincial. Cáceres. | ||
| 710 | 1 |
_aCáceres (Provincia). _bDiputación _9238999 |
|
| 852 |
_aES-MaACL _j1920-F-21 _bR.29998 |
||
| 942 | _2udc | ||
| 999 |
_c47404 _d47404 |
||